The Making of international criminal justice : (Record no. 12246)
[ view plain ]
| 000 -LEADER | |
|---|---|
| fixed length control field | 00717nam a22002172 4500 |
| 001 - CONTROL NUMBER | |
| control field | 0000024614 |
| 005 - DATE AND TIME OF LATEST TRANSACTION | |
| control field | 20151217155236.0 |
| 008 - FIXED-LENGTH DATA ELEMENTS--GENERAL INFORMATION | |
| fixed length control field | 140114s xx 000 0 eng d |
| 020 ## - INTERNATIONAL STANDARD BOOK NUMBER | |
| International Standard Book Number | 0199608935 : |
| 040 ## - CATALOGING SOURCE | |
| Original cataloging agency | KABU |
| Transcribing agency | KABU |
| 100 1# - MAIN ENTRY--PERSONAL NAME | |
| Personal name | Meron, Theodor. |
| -- | 0000184972 |
| 245 14 - TITLE STATEMENT | |
| Title | The Making of international criminal justice : |
| Remainder of title | a view from the bench; selected speeches / |
| Statement of responsibility, etc. | Theodor Meron. |
| 250 ## - EDITION STATEMENT | |
| Edition statement | 1st ed. |
| 260 ## - PUBLICATION, DISTRIBUTION, ETC. (IMPRINT) | |
| Place of publication, distribution, etc. | Oxford : |
| Name of publisher, distributor, etc. | O. U. P., |
| Date of publication, distribution, etc. | 2011. |
| 300 ## - PHYSICAL DESCRIPTION | |
| Extent | xiii, 320 p. |
| 650 #0 - SUBJECT ADDED ENTRY--TOPICAL TERM | |
| Topical term or geographic name as entry element | Criminal justice, Administration of. |
| -- | 0000179799 |
| 650 #0 - SUBJECT ADDED ENTRY--TOPICAL TERM | |
| Topical term or geographic name as entry element | International Criminal Courts. |
| -- | 0000159665 |
| 852 1# - LOCATION | |
| -- | p8640 KES |
| 908 ## - PUT COMMAND PARAMETER (RLIN) | |
| Put command parameter | 140114 |
| 950 ## - LOCAL HOLDINGS (RLIN) | |
| -- | 1 |
| Withdrawn status | Lost status | Source of classification or shelving scheme | Not for loan | Home library | Current library | Date acquired | Total Checkouts | Full call number | Barcode | Date last seen | Price effective from | Koha item type |
|---|---|---|---|---|---|---|---|---|---|---|---|---|
| Library of Congress Classification | Kabarak, Main Campus | Kabarak, Main Campus | 17/12/2015 | K5001 .M47 2011 c. 1 | 016357 | 17/12/2015 | 17/12/2015 | General Collection |